000 00456nam a2200133 4500
082 _a388.04401724
_bFRI
_cD
110 _aPTRC Education and Research Services Ltd.
_938481
245 _aFreight and freight in developing countries
_cPTRC Education and Research Services Ltd.
260 _aEngland
_bPTRC Education and Research Services Ltd.
_c1986
300 _a95 p.:
526 _a0
_b0
_c0
_d388_044017240000000_FRI
650 _aMCE
_9379
942 _2ddc
_cBK
999 _c543106
_d543106